Films avec Louis de Funès et Bourvil - Statistiques

Statistiques générales
  • Ce quiz a été pris 280 fois
    268 depuis la dernière actualisation
  • Le résultat moyen est 3 sur 5
Statistiques - réponses
Films % Correct
La Grande Vadrouille
99%
Le Corniaud
92%
La Traversée de Paris
73%
Poisson d'avril
10%
Les Hussards
4%
Aucun quiz correspondant
Distribution des résultats
% des personnes avec chaque résultat
Percentile par nombre de réponses
Votre historique - résultats
Vous n’avez pas pris ce quiz depuis la dernière actualisation